Inorganic Chemistry for Advanced Students (Record no. 364821)
[ view plain ]
| 000 -LEADER | |
|---|---|
| fixed length control field | 003460000a22001450004500 |
| 060 ## - NATIONAL LIBRARY OF MEDICINE CALL NUMBER | |
| Classification number | 100 |
| 082 ## - DEWEY DECIMAL CLASSIFICATION NUMBER | |
| Classification number | 546 ROS |
| 100 ## - MAIN ENTRY--PERSONAL NAME | |
| Personal name | Harden, Arthur |
| 100 ## - MAIN ENTRY--PERSONAL NAME | |
| Personal name | Roscoe, Henry |
| 245 ## - TITLE STATEMENT | |
| Title | Inorganic Chemistry for Advanced Students |
| 260 ## - PUBLICATION, DISTRIBUTION, ETC. (IMPRINT) | |
| Place of publication, distribution, etc. | London, Macmillan and Co. Limited |
| 260 ## - PUBLICATION, DISTRIBUTION, ETC. (IMPRINT) | |
| Date of publication, distribution, etc. | 1915 |
| 650 ## - SUBJECT ADDED ENTRY--TOPICAL TERM | |
| Topical term or geographic name as entry element | Inorganic Chemistry |
| 942 ## - ADDED ENTRY ELEMENTS (KOHA) | |
| Koha item type | Books (General) |
| Withdrawn status | Lost status | Damaged status | Not for loan | Home library | Current library | Date acquired | Total Checkouts | Full call number | Barcode | Date last seen | Price effective from | Koha item type |
|---|---|---|---|---|---|---|---|---|---|---|---|---|
| College of Agriculture, Vellayani | College of Agriculture, Vellayani | 02/05/2014 | 546 ROS | KAU_COAV-2026 | 02/05/2014 | 02/05/2014 | Books (General) |
